Normal view
MARC view
Entry Topical Term
001 - CONTROL NUMBER
- control field: 23628
003 - CONTROL NUMBER IDENTIFIER
- control field: ARRUPE
005 - DATE AND TIME OF LATEST TRANSACTION
- control field: 20160407121926.0
008 - FIXED-LENGTH DATA ELEMENTS
- fixed length control field: 160407|| aca||aabn | a|a d
040 ## - CATALOGING SOURCE
- Original cataloging agency: ARRUPE
- Transcribing agency: ARRUPE
150 ## - HEADING--TOPICAL TERM
- Topical term or geographic name as entry element:
- Topical term following geographic name as entry element: Christianity
- Geographic subdivision: Africa
670 ## - SOURCE DATA FOUND
- Source citation: Work cat.: (ARRUPE)23978: Bottignole, Silvana 23627, Kikuyu traditional culture and christianity